Meistbesuchteste Länder der Welt - Statistiken

Allgemein
  • Dieses Quiz wurde 447 mal gespielt
  • Das Durchschnittsergebnis liegt bei 21 aus 25
Antwortstatistiken
Platz Anzahl an Touristen Land % Korrekt
1. 89,4 Mio. Frankreich
99%
2. 82,77 Mio. Spanien
99%
3. 79,62 Mio. Vereinigte Staaten
99%
4. 62,9 Mio. China
98%
8. 38,88 Mio. Deutschland
98%
5. 62,15 Mio. Italien
98%
15. 24,55 Mio. Russland
95%
11. 31,19 Mio. Japan
94%
17. 21,13 Mio. Kanada
93%
7. 41,45 Mio. Mexiko
93%
10. 36,32 Mio. Vereinigtes Königreich
92%
13. 30,12 Mio. Griechenland
89%
16. 22,8 Mio. Portugal
89%
20. 17,43 Mio. Indien
87%
6. 45,77 Mio. Türkei
87%
12. 30,82 Mio. Österreich
83%
9. 38,28 Mio. Thailand
80%
19. 19,01 Mio. Niederlande
79%
18. 19,62 Mio. Polen
78%
25. 15,35 Mio. Südkorea
75%
22. 16,65 Mio. Kroatien
72%
24. 15,5 Mio. Vietnam
59%
14. 25,83 Mio. Malaysia
46%
21. 17,15 Mio. Ungarn
44%
23. 15,92 Mio. Vereinigte Arabisch Emirate
38%
Keine übereinstimmenden Quizze gefunden
Verteilung der Resultate
Anzahl Personen mit jedem Resultat
Perzentil nach korrekt beantworteten Fragen
Ihre Resultats-Entwicklung
Sie haben dieses Quiz noch nicht gespielt